Den kalde krigen - Historiske hendelser og personer - Statistics

General Stats
  • This quiz has been taken 1 060 times
  • The average score is 12 of 21
Answer Stats
Hint Answer % Correct
Den store sovjetiske diktatoren, som døde i 1953 Josef Stalin
95%
Her var det krig 1965-75, endte med amerikansk tilbaketrekking i 1973 og et prestisjetap Vietnam
83%
Den første amerikanske presidenten under den kalde krigen, kjent for sin doktrine Harry S. Truman
81%
I dette landet som er delt i to, var det krig 1950-53 Korea
81%
Denne var et fysisk symbol på jernteppet og skillet mellom Vest og Øst i Europa Berlinmuren
80%
USAs president under den nevnte krisen John F. Kennedy
78%
Da verden kom fryktelig nær atomkrig i 1962 Cuba-krisen
77%
Året USA fikk en mann på månen og dermed vant romkappløpet 1969
67%
Sovjetunionen invaderte dette landet i 1979, som gjorde den kalde krigen varm igjen Afghanistan
63%
Det kommunistiske motstykket til NATO, fra 1955 Warszawa-pakten
62%
USSRs siste president, kjent for reformprogrammene glasnost og perestrojka Mikhail Gorbatsjov
61%
USAs president mellom 1969-74 Richard Nixon
61%
USAs president på 80-tallet Ronald Reagan
61%
Kommunismens fall i Øst-Europa 1989 forbindes mest med Berlinmurens fall
43%
Sovjetunionen invaderte dette landet i 1956 Ungarn
40%
USAs president under starten på den nevnte krigen Lyndon B. Johnson
39%
USSRs statsleder under den nevnte krisen Nikita Khrusjtsjov
39%
Denne handlingen fra Sovjets side kan sies å ha virkelig startet den kalde krigen Berlinblokaden
27%
USSRs statsleder fra 1964-82 Leonid Bresjnev
25%
Avspenning mellom USA og USSR på 1970-tallet blir forbundet med disse forhandlingene SALT
25%
Hva skjedde rundt første juledag 1991? Sovjetunionen ble oppløst
24%
No matching quizzes found
Score Distribution
Percent of People with Each Score
Percentile by Number Answered
Your Score History
You have not taken this quiz